1383 1566 1244 1668 1934 1785 1896 1880 1127 1186 1034 1309 1012 1029 1407 1472 1987 1991 1575 1491 1346 1329 1069 1516 1766 1397 1492 1519 1458 1743 1228 1655 1253 1446 1304 1335 1212 1891 1873 1480 1108 1438 1583 1106 1505 1906 1063 1949 1206 1144 1331 1160 1144 1826 1458 1656 1182 1168 1050 1807 1123 1288 1273 1503 1631 1990 1128 1505 1202 1290 1637 1226 1040 1586 1669 1646 1104 1979 1170 1858 1129 1763 1998 1530 1600 1860 1767 1056 1481 1898 1034 1942 1478 1517 1401 1450 1222 1788 1480 BCNSPRNW ULIB Ver.6.0+V

เปลี่ยนเป็นภาษาไทย

Change to English
 แสดงรายละเอียดบรรณานุกรม
  กลับหน้าหลัก

Brief Record : Get Marc (ISO 2709) : E-mail record : QR code < ปิดหน้าต่าง
LEADER : 00000nam 2200000uu 4500
001    13399121106
003     ULIB
008    020711s2546 th a 000 0 tha d
050  4 LB^bส181ย
100    พรชุลี อาชวอำรุง
245    ยุทธศาสตร์การพัฒนาองค์กร ของ สถาบันพระบรมราชชนก/^cพรชุลี อาชวอำรุง
250    พิมพ์ครั้งที่ 1
260    กรุงเทพฯ :^bสภาบันพระบรมราชชนก กระทรวงสาธารณสุข,^c2546
300    255 หน้า
945    ^p0^l0^i12491
945    ^p0^l0^i12492
999    ^aทศพร เกษรทอง
รายการนี้ยังไม่มีแท็ก
คุณยังไม่ได้ล็อกอิน คุณสามารถมีกิจกรรมร่วมกับเว็บไซต์ได้ แต่ต้องล็อกอินก่อน ::
  ล็อกอิน

รายการสื่อสารสนเทศ

ลำดับที่ ประเภท เลขเรียก/บาร์โค้ด สถานที่ สถานะ
1. วิทยาศาสตร์การแพทย์ และสุขภาพ
วิทยาศาสตร์การแพทย์ และสุขภาพ
LB ส181ย  
  Barcode: 12491
ห้องสมุดวิทยาเขตสวรรค์ประชารักษ์
►หนังสือทั่วไป
บนชั้น
2. วิทยาศาสตร์การแพทย์ และสุขภาพ
วิทยาศาสตร์การแพทย์ และสุขภาพ
LB ส181ย ฉ.2 
  Barcode: 12492
ห้องสมุดวิทยาเขตสวรรค์ประชารักษ์
►หนังสือทั่วไป
บนชั้น

BibComment


ยังไม่เคยถูกคอมเมนท์

คอมเมนท์ทรัพยากรรายการนี้
  คอมเมนท์: ยุทธศาสตร์การพัฒน..


 Copyright 2026. Bcnsprnw @Library